[Event "1516LLO"]
[Site "Mecklenburg-Vorpommern"]
[Date "2015.11.15"]
[Round "3.4"]
[White "Springer, Guido"]
[Black "Micheel, Peter"]
[Result "1-0"]
[WhiteElo "1743"]
[BlackElo "1759"]
[PlyCount "53"]
[EventType "team-tourn"]
[EventRounds "9"]
[EventCountry "GER"]
[SourceDate "2015.09.20"]
[WhiteTeam "SV Gryps"]
[BlackTeam "SSC Graal-Mueritz"]
[WhiteTeamCountry "GER"]
[BlackTeamCountry "GER"]

1. Nc3 d5 2. e3 Nf6 3. f4 Bg4 4. Nf3 h6 5. Bd3 Qd7 6. O-O Nc6 7. Qe1 Bf5 8. Bb5
a6 9. Ne5 Qd6 10. Ba4 b5 11. Bxb5 axb5 12. Nxb5 Qd8 13. Nxc6 Qd7 14. Nbd4 Qd6
15. Nxf5 Qxc6 16. Nd4 Qb6 17. Qe2 c6 18. b3 e6 19. Bb2 Be7 20. Nf3 O-O 21. c4
Rfb8 22. Ne5 c5 23. g4 Rb7 24. g5 Nd7 25. Nxd7 Rxd7 26. gxh6 d4 27. Qg2 1-0

[Event "1516LLO"]
[Site "Mecklenburg-Vorpommern"]
[Date "2015.11.15"]
[Round "3.5"]
[White "Schumann, Lutz"]
[Black "Hollatz, Michael"]
[Result "1-0"]
[WhiteElo "1661"]
[BlackElo "1767"]
[PlyCount "99"]
[EventType "team-tourn"]
[EventRounds "9"]
[EventCountry "GER"]
[SourceDate "2015.09.20"]
[WhiteTeam "SSC Graal-Mueritz"]
[BlackTeam "SV Gryps"]
[WhiteTeamCountry "GER"]
[BlackTeamCountry "GER"]

1. c4 e5 2. Nc3 Nf6 3. g3 Bc5 4. Bg2 c6 5. Nf3 d6 6. O-O h6 7. d3 O-O 8. Na4
Nbd7 9. Bd2 a5 10. a3 Ba7 11. b4 e4 12. dxe4 Nxe4 13. Bf4 Ndf6 14. Nd2 Re8 15.
Nb3 axb4 16. axb4 g5 17. Bd2 Be6 18. Nb2 Nxf2 19. Rxf2 Ng4 20. Nd3 Bxc4 21.
Rxa7 Rxa7 22. Rf1 Bxd3 23. exd3 Qb6+ 24. Nc5 dxc5 25. Qxg4 cxb4+ 26. Kh1 Qc5
27. Bxb4 Qe5 28. d4 Qe6 29. Qf3 Ra2 30. Bh3 Qe4 31. Bg2 Qxf3 32. Bxf3 Kg7 33.
Bh5 f6 34. Bxe8 Rb2 35. Be7 b5 36. Bxc6 b4 37. Bxf6+ Kg6 38. Be8+ Kh7 39. Be5
g4 40. Rf7+ Kg8 41. Kg1 b3 42. Rg7+ Kf8 43. Bg6 Ra2 44. Rb7 Ra1+ 45. Kf2 Ra2+
46. Ke3 Ra3 47. Kf4 Ra2 48. Bd6+ Kg8 49. Rxb3 Rf2+ 50. Ke5 1-0

[Event "1516LLO"]
[Site "Mecklenburg-Vorpommern"]
[Date "2015.11.15"]
[Round "3.7"]
[White "Mueggenburg, Rolf"]
[Black "Decker, Lutz"]
[Result "1-0"]
[WhiteElo "1549"]
[BlackElo "1060"]
[PlyCount "145"]
[EventType "team-tourn"]
[EventRounds "9"]
[EventCountry "GER"]
[SourceDate "2015.09.20"]
[WhiteTeam "SSC Graal-Mueritz"]
[BlackTeam "SV Gryps"]
[WhiteTeamCountry "GER"]
[BlackTeamCountry "GER"]

1. Nf3 Nc6 2. d4 d5 3. Bf4 Bf5 4. a3 e6 5. e3 Bd6 6. Bxd6 Qxd6 7. Bb5 f6 8.
Nbd2 Nge7 9. O-O O-O-O 10. b4 e5 11. Nb3 e4 12. Nh4 g6 13. f4 h5 14. Nxf5 Nxf5
15. Qe2 a6 16. Nc5 Ncxd4 17. exd4 Nxd4 18. Qd2 Nxb5 19. a4 Na7 20. Qe3 Qb6 21.
c3 Nc6 22. Rab1 Qa7 23. Kh1 b6 24. b5 axb5 25. axb5 Na5 26. Ne6 Rd6 27. Nd4 Nc4
28. Qh3+ f5 29. Ra1 Qb8 30. Ra2 Kd7 31. Rfa1 Qg8 32. Ra7 Na5 33. Nc6 Nxc6 34.
bxc6+ Rxc6 35. Qe3 Qg7 36. Qd2 Qxc3 37. Qxd5+ Ke7 38. Rd1 Qd3 39. Qe5+ Kf7 40.
Rxc7+ Rxc7 41. Qxc7+ Kg8 42. Rxd3 exd3 43. Qc4+ Kg7 44. Qxd3 Rb8 45. Qd7+ Kh6
46. Qb5 Kh7 47. h4 Kh6 48. Qe5 Rb7 49. Qh8+ Rh7 50. Qf8+ Rg7 51. Qb8 Rd7 52.
Qxb6 Rd1+ 53. Kh2 Rf1 54. Qd4 Kh7 55. Qe5 Rd1 56. Qe7+ Kh6 57. Qf8+ Kh7 58.
Qf7+ Kh6 59. Qg8 Rd7 60. Qh8+ Rh7 61. Qf8+ Rg7 62. Kg3 Kh7 63. Kf3 Rg8 64. Qf6
Rb8 65. Qc3 Re8 66. Qc4 Rg8 67. Ke3 Kg7 68. Qe6 Rf8 69. Kd4 Rf6 70. Qe5 Kf7 71.
Kd5 Ra6 72. Qc7+ Kg8 73. Qc8+ 1-0

[Event "1516LLO"]
[Site "Mecklenburg-Vorpommern"]
[Date "2015.11.15"]
[Round "3.8"]
[White "Droese, Nico"]
[Black "Kraemer, Lothar"]
[Result "0-1"]
[WhiteElo "1291"]
[BlackElo "1113"]
[PlyCount "34"]
[EventType "team-tourn"]
[EventRounds "9"]
[EventCountry "GER"]
[SourceDate "2015.09.20"]
[WhiteTeam "SV Gryps"]
[BlackTeam "SSC Graal-Mueritz"]
[WhiteTeamCountry "GER"]
[BlackTeamCountry "GER"]

1. d4 Nf6 2. Nf3 g6 3. e3 Bg7 4. Bd3 O-O 5. O-O d5 6. Re1 a6 7. c3 Nc6 8. Nbd2
Re8 9. e4 e5 10. dxe5 Nxe5 11. Nxe5 Rxe5 12. Nf3 Bg4 13. Bf4 Re8 14. e5 Nh5 15.
Bg5 Bxf3 16. Qxf3 Qxg5 17. Qxd5 Rad8 0-1

[Event "1516LLO"]
[Site "Mecklenburg-Vorpommern"]
[Date "2015.11.15"]
[Round "3.1"]
[White "Hagenlueke, Thomas"]
[Black "Zibell, Walter"]
[Result "1-0"]
[WhiteElo "1877"]
[BlackElo "1760"]
[PlyCount "32"]
[EventType "team-tourn"]
[EventRounds "9"]
[EventCountry "GER"]
[SourceDate "2015.09.20"]
[WhiteTeam "Greifswalder SV II "]
[BlackTeam "SG Neubrandenburg III"]
[WhiteTeamCountry "GER"]
[BlackTeamCountry "GER"]

1. d4 Nf6 2. c4 g6 3. Nc3 Bg7 4. Nf3 O-O 5. g3 d6 6. Bg2 Bg4 7. O-O Qc8 8. Re1
c6 9. Bg5 Re8 10. e4 e5 11. dxe5 dxe5 12. b4 Nbd7 13. Qc2 a5 14. b5 Be6 15. Na4
b6 16. Nb2 c5 1-0

[Event "1516LLO"]
[Site "Mecklenburg-Vorpommern"]
[Date "2015.11.15"]
[Round "3.2"]
[White "Stock, Joachim"]
[Black "Schwahn, Christian"]
[Result "0-1"]
[WhiteElo "1606"]
[BlackElo "1963"]
[PlyCount "62"]
[EventType "team-tourn"]
[EventRounds "9"]
[EventCountry "GER"]
[SourceDate "2015.09.20"]
[WhiteTeam "SG Neubrandenburg III"]
[BlackTeam "Greifswalder SV II "]
[WhiteTeamCountry "GER"]
[BlackTeamCountry "GER"]

1. e4 Nf6 2. Nc3 d5 3. exd5 Nxd5 4. Nxd5 Qxd5 5. Qf3 Qe5+ 6. Qe3 Qxe3+ 7. dxe3
g6 8. Bd3 Bg7 9. c3 Nd7 10. Ne2 Ne5 11. Bc2 Bd7 12. O-O Bb5 13. Re1 Nd3 14.
Bxd3 Bxd3 15. Nf4 O-O-O 16. e4 Bc4 17. Be3 Rd7 18. g3 b6 19. a4 a5 20. Ne2 c5
21. Kg2 Rhd8 22. Kf3 f5 23. Ra3 Rf8 24. b4 fxe4+ 25. Kg2 axb4 26. Raa1 bxc3 27.
Rab1 Bd4 28. Rxb6 Bxe3 29. Nxc3 Rxf2+ 30. Kh3 Bf1+ 31. Kg4 h5+ 0-1

[Event "1516LLO"]
[Site "Mecklenburg-Vorpommern"]
[Date "2015.11.15"]
[Round "3.3"]
[White "Nauschuetz, Ernst"]
[Black "Peters, Hans Joachim"]
[Result "1-0"]
[WhiteElo "1853"]
[BlackElo "1748"]
[PlyCount "53"]
[EventType "team-tourn"]
[EventRounds "9"]
[EventCountry "GER"]
[SourceDate "2015.09.20"]
[WhiteTeam "Greifswalder SV II "]
[BlackTeam "SG Neubrandenburg III"]
[WhiteTeamCountry "GER"]
[BlackTeamCountry "GER"]

1. c4 Nf6 2. g3 d6 3. Bg2 Nbd7 4. Nf3 c6 5. O-O g6 6. Nc3 Bg7 7. Rb1 a5 8. a3
e5 9. d3 O-O 10. Bg5 h6 11. Bd2 Re8 12. Qc1 Kh7 13. Qc2 Qc7 14. Rfc1 Nf8 15. b4
axb4 16. axb4 Bf5 17. Nh4 Bd7 18. b5 Ne6 19. e3 Rec8 20. Rb2 Ng8 21. Rcb1 Ne7
22. bxc6 Bxc6 23. Nb5 Qd8 24. Qd1 g5 25. Nf3 e4 26. Nfd4 Nc5 27. dxe4 1-0

[Event "1516LLO"]
[Site "Mecklenburg-Vorpommern"]
[Date "2015.11.15"]
[Round "3.4"]
[White "Hollender, Dirk"]
[Black "Sowada, Christoph"]
[Result "1/2-1/2"]
[WhiteElo "1679"]
[BlackElo "1926"]
[PlyCount "73"]
[EventType "team-tourn"]
[EventRounds "9"]
[EventCountry "GER"]
[SourceDate "2015.09.20"]
[WhiteTeam "SG Neubrandenburg III"]
[BlackTeam "Greifswalder SV II "]
[WhiteTeamCountry "GER"]
[BlackTeamCountry "GER"]

1. e4 e5 2. Nf3 Nc6 3. Bb5 a6 4. Ba4 Nf6 5. d3 d6 6. c3 Be7 7. Nbd2 O-O 8. Nf1
b5 9. Bc2 d5 10. Qe2 dxe4 11. dxe4 Be6 12. b3 b4 13. c4 Nd4 14. Nxd4 Qxd4 15.
Rb1 Qc3+ 16. Qd2 Qxd2+ 17. Bxd2 Bc5 18. h3 Rfd8 19. Bg5 h6 20. Bh4 Bd4 21. Rd1
Bc3+ 22. Ke2 Rxd1 23. Kxd1 c6 24. Ke2 Nh5 25. g4 Nf4+ 26. Kf3 a5 27. Bg3 g5 28.
h4 a4 29. Ne3 axb3 30. axb3 Rd8 31. Rd1 Rxd1 32. Nxd1 Bd4 33. hxg5 hxg5 34. Ne3
Kg7 35. Nf5+ Bxf5 36. exf5 Kf6 37. Bxf4 1/2-1/2

[Event "1516LLO"]
[Site "Mecklenburg-Vorpommern"]
[Date "2015.11.15"]
[Round "3.5"]
[White "Grehl, Tino"]
[Black "Mietz, Wolfgang"]
[Result "1/2-1/2"]
[WhiteElo "1822"]
[BlackElo "1616"]
[PlyCount "40"]
[EventType "team-tourn"]
[EventRounds "9"]
[EventCountry "GER"]
[SourceDate "2015.09.20"]
[WhiteTeam "Greifswalder SV II "]
[BlackTeam "SG Neubrandenburg III"]
[WhiteTeamCountry "GER"]
[BlackTeamCountry "GER"]

1. c4 Nf6 2. d4 d5 3. Nc3 e6 4. e3 Be7 5. Nf3 O-O 6. Be2 b6 7. O-O Bb7 8. b3 c5
9. Bb2 Nc6 10. Rc1 Rc8 11. dxc5 dxc4 12. Bxc4 Bxc5 13. Qe2 Qe7 14. Rfd1 Rfd8
15. h3 Rxd1+ 16. Rxd1 Rd8 17. Rxd8+ Qxd8 18. e4 Nd4 19. Nxd4 Qxd4 20. Bd3 Qd7
1/2-1/2

[Event "1516LLO"]
[Site "Mecklenburg-Vorpommern"]
[Date "2015.11.15"]
[Round "3.6"]
[White "Gloeckner, Jan"]
[Black "Malchau, Jochen"]
[Result "0-1"]
[WhiteElo "1523"]
[BlackElo "1637"]
[PlyCount "140"]
[EventType "team-tourn"]
[EventRounds "9"]
[EventCountry "GER"]
[SourceDate "2015.09.20"]
[WhiteTeam "SG Neubrandenburg III"]
[BlackTeam "Greifswalder SV II "]
[WhiteTeamCountry "GER"]
[BlackTeamCountry "GER"]

1. e4 c6 2. d4 d5 3. Be3 dxe4 4. f3 exf3 5. Nxf3 Nf6 6. Nc3 Bf5 7. Bc4 e6 8.
O-O Be7 9. Ne5 Bg6 10. h4 Nbd7 11. Qf3 Qc7 12. Bf4 Bd6 13. Rad1 O-O-O 14. b4
Nb6 15. Bd3 Nbd5 16. Nxd5 exd5 17. c4 Bxd3 18. Qxd3 dxc4 19. Qxc4 Nd5 20. Bd2
f6 21. Nf3 Rhe8 22. b5 Nb6 23. Qd3 Re7 24. Rfe1 Rxe1+ 25. Rxe1 c5 26. Rc1 c4
27. Qc3 Kb8 28. Qc2 g6 29. Ba5 Rc8 30. Qb2 Qe7 31. Qf2 Nd5 32. Re1 Qd7 33. a4
c3 34. Rc1 b6 35. Bxb6 axb6 36. Qa2 Qb7 37. a5 bxa5 38. Ne1 Bb4 39. Qe2 Qb6 40.
Nc2 Qc7 41. Qe6 Qd6 42. Qf7 Rc7 43. Qg8+ Kb7 44. Re1 Ne7 45. Qxh7 Qd7 46. Qh8
Qf5 47. Ne3 Qxb5 48. Qxf6 Qc6 49. Qxc6+ Rxc6 50. Nc2 Kc7 51. g4 Kd7 52. Kg2 Re6
53. Rxe6 Kxe6 54. h5 gxh5 55. gxh5 Kf5 56. h6 Kg6 57. h7 Kxh7 58. Kf3 Kg6 59.
Ke4 Kf6 60. d5 Nc8 61. Kf4 Ke7 62. Ke5 Kd7 63. Kd4 Nb6 64. Ke5 Nc4+ 65. Kd4 Na3
66. Nxa3 Bxa3 67. Kxc3 Kd6 68. Kc4 Bb4 69. Kd4 Bc5+ 70. Kc4 a4 0-1

[Event "1516LLO"]
[Site "Mecklenburg-Vorpommern"]
[Date "2015.11.15"]
[Round "3.7"]
[White "Kriese, Ralf"]
[Black "Martau, Valentin"]
[Result "1-0"]
[WhiteElo "1629"]
[BlackElo "1376"]
[PlyCount "66"]
[EventType "team-tourn"]
[EventRounds "9"]
[EventCountry "GER"]
[SourceDate "2015.09.20"]
[WhiteTeam "Greifswalder SV II "]
[BlackTeam "SG Neubrandenburg III"]
[WhiteTeamCountry "GER"]
[BlackTeamCountry "GER"]

1. e4 e5 2. Nf3 Nc6 3. Bc4 Nf6 4. Ng5 d5 5. exd5 Na5 6. Bb5+ c6 7. dxc6 bxc6 8.
Be2 h6 9. Nf3 e4 10. Ne5 c5 11. Bb5+ Bd7 12. Bxd7+ Nxd7 13. Nxd7 Qxd7 14. d3
exd3 15. Qxd3 Qxd3 16. cxd3 Bd6 17. Nc3 Kd7 18. Be3 Nc6 19. Ne4 Nd4 20. Nxd6
Kxd6 21. Kd2 Rhe8 22. Rac1 Kd5 23. Rc4 Rab8 24. b3 Rb4 25. Rhc1 Rxc4 26. Rxc4
Rb8 27. Bxd4 cxd4 28. Rc7 Ke6 29. Rxa7 Rc8 30. Ra4 Ke5 31. Rc4 Ra8 32. Rc2 Ra3
33. Rb2 Kd5 1-0

[Event "1516LLO"]
[Site "Mecklenburg-Vorpommern"]
[Date "2015.11.15"]
[Round "3.8"]
[White "Lange, Ingo"]
[Black "Arpaci, Enis"]
[Result "1-0"]
[WhiteElo "1720"]
[BlackElo "1434"]
[PlyCount "35"]
[EventType "team-tourn"]
[EventRounds "9"]
[EventCountry "GER"]
[SourceDate "2015.09.20"]
[WhiteTeam "SG Neubrandenburg III"]
[BlackTeam "Greifswalder SV II "]
[WhiteTeamCountry "GER"]
[BlackTeamCountry "GER"]

1. d4 g6 2. c4 Bg7 3. Nf3 Nf6 4. Nc3 d6 5. e4 O-O 6. Be2 Nbd7 7. O-O c5 8. Be3
cxd4 9. Nxd4 Nc5 10. f3 h6 11. b4 Ne6 12. Nd5 Bd7 13. Rc1 Rc8 14. Nb3 b5 15.
cxb5 Bxb5 16. Rxc8 Qd7 17. Rxf8+ Kxf8 18. Bxb5 1-0

[Event "1516LLO"]
[Site "Mecklenburg-Vorpommern"]
[Date "2015.11.15"]
[Round "3.1"]
[White "Schwarz, Eckhard"]
[Black "Burwitz, Joerg"]
[Result "1/2-1/2"]
[WhiteElo "1861"]
[BlackElo "1743"]
[PlyCount "37"]
[EventType "team-tourn"]
[EventRounds "9"]
[EventCountry "GER"]
[SourceDate "2015.09.20"]
[WhiteTeam "SV Waterkant Saal"]
[BlackTeam "SV Rugia Bergen"]
[WhiteTeamCountry "GER"]
[BlackTeamCountry "GER"]

1. Nf3 d5 2. d4 Nf6 3. e3 c6 4. c4 e6 5. Bd3 Be7 6. O-O O-O 7. Nc3 Nbd7 8. Qc2
dxc4 9. Bxc4 b6 10. Rd1 Bb7 11. a3 Rc8 12. b4 Qc7 13. Bb2 c5 14. bxc5 bxc5 15.
d5 exd5 16. Nxd5 Bxd5 17. Bxd5 Nxd5 18. Rxd5 Bf6 19. Rc1 1/2-1/2

[Event "1516LLO"]
[Site "Mecklenburg-Vorpommern"]
[Date "2015.11.15"]
[Round "3.2"]
[White "Pawlick, Helmut"]
[Black "Wiese, Frank"]
[Result "1/2-1/2"]
[WhiteElo "1798"]
[BlackElo "1887"]
[PlyCount "101"]
[EventType "team-tourn"]
[EventRounds "9"]
[EventCountry "GER"]
[SourceDate "2015.09.20"]
[WhiteTeam "SV Rugia Bergen"]
[BlackTeam "SV Waterkant Saal"]
[WhiteTeamCountry "GER"]
[BlackTeamCountry "GER"]

1. e4 c6 2. d4 d5 3. exd5 cxd5 4. c4 Nf6 5. Nc3 Nc6 6. cxd5 Nxd5 7. a3 g6 8.
Nf3 Bg7 9. Qb3 Nxc3 10. bxc3 O-O 11. Be3 Na5 12. Qb4 Qc7 13. c4 Nc6 14. Qb3
Qa5+ 15. Bd2 Qd8 16. Rd1 Nxd4 17. Nxd4 Qxd4 18. Be2 Qe5 19. Qf3 Bf5 20. O-O Be4
21. Qe3 Bc6 22. Bb4 Qxe3 23. fxe3 Rfe8 24. Bf3 Bh6 25. Kf2 Rac8 26. Bxc6 Rxc6
27. Rd7 Rf6+ 28. Ke2 Rxf1 29. Kxf1 Bxe3 30. Rxb7 e6 31. Ke2 Bg1 32. h3 a6 33.
a4 Bd4 34. a5 Rc8 35. Kd3 e5 36. Bd6 Rc6 37. Bb4 Kg7 38. Be7 g5 39. Bd8 Kg6 40.
Bb6 Rd6 41. Bxd4 Rxd4+ 42. Kc3 Rd8 43. g4 Kf6 44. Rb6+ Ke7 45. Rxa6 e4 46. Rb6
Rd3+ 47. Kc2 Ra3 48. Rb5 f6 49. Kd2 Kd6 50. Rd5+ Ke6 51. Rb5 1/2-1/2

[Event "1516LLO"]
[Site "Mecklenburg-Vorpommern"]
[Date "2015.11.15"]
[Round "3.3"]
[White "Onasch, Gunnar"]
[Black "Pawlowicz, Wolfgang"]
[Result "1/2-1/2"]
[WhiteElo "1782"]
[BlackElo "1689"]
[PlyCount "55"]
[EventType "team-tourn"]
[EventRounds "9"]
[EventCountry "GER"]
[SourceDate "2015.09.20"]
[WhiteTeam "SV Waterkant Saal"]
[BlackTeam "SV Rugia Bergen"]
[WhiteTeamCountry "GER"]
[BlackTeamCountry "GER"]

1. d4 Nf6 2. c4 d6 3. Nf3 g6 4. Nc3 Bg7 5. e4 c6 6. h3 a6 7. Bd3 Nbd7 8. Be3
O-O 9. Rc1 c5 10. d5 Ne8 11. Qd2 Ne5 12. Nxe5 Bxe5 13. f4 Bg7 14. f5 Nf6 15.
Bh6 Nd7 16. Bxg7 Kxg7 17. b3 Ne5 18. O-O Qa5 19. Be2 Bd7 20. Rf4 g5 21. Rf2 f6
22. g4 h6 23. Rh2 Rh8 24. Nb1 Qxd2 25. Nxd2 b5 26. Nf3 Nxf3+ 27. Bxf3 b4 28. a4
1/2-1/2

[Event "1516LLO"]
[Site "Mecklenburg-Vorpommern"]
[Date "2015.11.15"]
[Round "3.4"]
[White "Pawlowicz, Karsten"]
[Black "Richter, Frank"]
[Result "1/2-1/2"]
[WhiteElo "1619"]
[BlackElo "1711"]
[PlyCount "33"]
[EventType "team-tourn"]
[EventRounds "9"]
[EventCountry "GER"]
[SourceDate "2015.09.20"]
[WhiteTeam "SV Rugia Bergen"]
[BlackTeam "SV Waterkant Saal"]
[WhiteTeamCountry "GER"]
[BlackTeamCountry "GER"]

1. e4 c6 2. Nf3 d5 3. exd5 cxd5 4. d4 Nf6 5. c3 e6 6. Bg5 Be7 7. Bxf6 Bxf6 8.
Bb5+ Bd7 9. Bxd7+ Nxd7 10. Nbd2 O-O 11. Qb3 Qb6 12. Qxb6 Nxb6 13. O-O Rac8 14.
Rfe1 Na4 15. Rab1 Rfd8 16. Ne5 h6 17. f4 1/2-1/2

[Event "1516LLO"]
[Site "Mecklenburg-Vorpommern"]
[Date "2015.11.15"]
[Round "3.5"]
[White "Nickel, Reimo"]
[Black "Tabbert, Dirk"]
[Result "1/2-1/2"]
[WhiteElo "1743"]
[BlackElo "1602"]
[PlyCount "38"]
[EventType "team-tourn"]
[EventRounds "9"]
[EventCountry "GER"]
[SourceDate "2015.09.20"]
[WhiteTeam "SV Waterkant Saal"]
[BlackTeam "SV Rugia Bergen"]
[WhiteTeamCountry "GER"]
[BlackTeamCountry "GER"]

1. d4 f5 2. Nf3 Nf6 3. e3 e6 4. c4 Be7 5. Ne5 O-O 6. g3 d6 7. Nd3 Nbd7 8. Bg2
Ne4 9. Qb3 Rb8 10. Nf4 Ndf6 11. Nc3 Bd7 12. Qc2 Nxc3 13. Qxc3 c6 14. Bd2 Ne4
15. Qc2 d5 16. Bxe4 fxe4 17. O-O Bd6 18. Ng2 Qg5 19. c5 Bc7 1/2-1/2

[Event "1516LLO"]
[Site "Mecklenburg-Vorpommern"]
[Date "2015.11.15"]
[Round "3.6"]
[White "Scheel, Manfred"]
[Black "Ehmann, Roland"]
[Result "1-0"]
[WhiteElo "1592"]
[BlackElo "1554"]
[PlyCount "109"]
[EventType "team-tourn"]
[EventRounds "9"]
[EventCountry "GER"]
[SourceDate "2015.09.20"]
[WhiteTeam "SV Rugia Bergen"]
[BlackTeam "SV Waterkant Saal"]
[WhiteTeamCountry "GER"]
[BlackTeamCountry "GER"]

1. e4 e6 2. Nf3 d5 3. exd5 exd5 4. d4 Nf6 5. Bd3 Be7 6. O-O O-O 7. Bg5 Bg4 8.
Nbd2 Nbd7 9. c3 c6 10. Qc2 h6 11. Bh4 Bd6 12. Bf5 Qc7 13. Bxg4 Nxg4 14. h3 Nh2
15. Nxh2 Bxh2+ 16. Kh1 Bd6 17. Nf3 f5 18. Rae1 Nf6 19. Qxf5 Ne4 20. Qe6+ Kh8
21. Ne5 Bxe5 22. Qxe5 Qxe5 23. dxe5 Nd2 24. Rg1 Rae8 25. Re2 Ne4 26. Rge1 g5
27. Bg3 Nxg3+ 28. fxg3 Re6 29. Kg1 Rf5 30. g4 Rf7 31. Re3 Kg7 32. R1e2 b5 33.
Rf3 Kg6 34. Kf1 Rf4 35. Rxf4 gxf4 36. Kf2 Kg5 37. Kf3 a5 38. Re1 Re8 39. e6 Kf6
40. Kxf4 Ke7 41. Re5 Rf8+ 42. Rf5 Rf6 43. Rxf6 Kxf6 44. e7 Kxe7 45. g5 hxg5+
46. Kxg5 c5 47. Kf4 d4 48. cxd4 c4 49. Ke3 Kd6 50. h4 Kd5 51. h5 b4 52. h6 a4
53. h7 c3 54. bxc3 b3 55. axb3 1-0

[Event "1516LLO"]
[Site "Mecklenburg-Vorpommern"]
[Date "2015.11.15"]
[Round "3.7"]
[White "Nickel, Udo"]
[Black "Behrens, Christoph"]
[Result "1/2-1/2"]
[WhiteElo "1662"]
[BlackElo "1652"]
[PlyCount "47"]
[EventType "team-tourn"]
[EventRounds "9"]
[EventCountry "GER"]
[SourceDate "2015.09.20"]
[WhiteTeam "SV Waterkant Saal"]
[BlackTeam "SV Rugia Bergen"]
[WhiteTeamCountry "GER"]
[BlackTeamCountry "GER"]

1. d4 d5 2. c4 dxc4 3. e3 Nf6 4. Bxc4 g6 5. Qb3 e6 6. Nf3 c6 7. a4 Nbd7 8. O-O
Nb6 9. Be2 Qd5 10. Qd3 Qe4 11. Bd2 Qxd3 12. Bxd3 Bg7 13. Bb4 Nbd5 14. Bd6 Bf8
15. Bxf8 Rxf8 16. Nc3 Ke7 17. a5 Nxc3 18. bxc3 Rd8 19. e4 Kf8 20. Rfd1 Ne8 21.
Rab1 f6 22. h4 Kg7 23. Rb2 Rb8 24. e5 1/2-1/2

[Event "1516LLO"]
[Site "Mecklenburg-Vorpommern"]
[Date "2015.11.15"]
[Round "3.8"]
[White "Hessler, Tom"]
[Black "Hiltner, Harald"]
[Result "1/2-1/2"]
[WhiteElo "1274"]
[BlackElo "1565"]
[PlyCount "46"]
[EventType "team-tourn"]
[EventRounds "9"]
[EventCountry "GER"]
[SourceDate "2015.09.20"]
[WhiteTeam "SV Rugia Bergen"]
[BlackTeam "SV Waterkant Saal"]
[WhiteTeamCountry "GER"]
[BlackTeamCountry "GER"]

1. c4 e5 2. g3 Nf6 3. Bg2 d6 4. Nc3 Nc6 5. e4 Bd7 6. Nge2 Qc8 7. O-O Bh3 8. d3
Be7 9. f4 Bxg2 10. Kxg2 exf4 11. Nxf4 O-O 12. Nfd5 Qd7 13. Nxf6+ Bxf6 14. Nd5
Bd4 15. Qe2 Ne7 16. Nxe7+ Qxe7 17. Be3 Bxe3 18. Qxe3 b6 19. Rf2 f5 20. Raf1
fxe4 21. Rf4 c5 22. Rxe4 Qb7 23. Kg1 Rxf1+ 1/2-1/2

[Event "1516LLO"]
[Site "Mecklenburg-Vorpommern"]
[Date "2015.11.15"]
[Round "3.1"]
[White "Bugdahl, Felix"]
[Black "Patzenhauer, Max"]
[Result "0-1"]
[WhiteElo "1781"]
[BlackElo "1919"]
[PlyCount "98"]
[EventType "team-tourn"]
[EventRounds "9"]
[EventCountry "GER"]
[SourceDate "2015.09.20"]
[WhiteTeam "SG Neubrandenburg II"]
[BlackTeam "SV Motor Wolgast"]
[WhiteTeamCountry "GER"]
[BlackTeamCountry "GER"]

1. b3 Nf6 2. Bb2 d5 3. f4 c5 4. e3 Nc6 5. Nf3 g6 6. Bb5 Bg4 7. h3 Bxf3 8. Qxf3
Bg7 9. g4 a6 10. Bxc6+ bxc6 11. h4 e6 12. h5 Nxh5 13. Bxg7 Nxg7 14. Nc3 Qe7 15.
e4 h5 16. Kf2 O-O-O 17. g5 Ne8 18. e5 Ng7 19. Na4 Qa7 20. Qc3 c4+ 21. Kg2 Nf5
22. Qa5 Qd4 23. Nc5 Rd7 24. Raf1 Rc7 25. Rf2 c3 26. dxc3 Qe3 27. Rh3 Qe1 28.
Qxa6+ Kd8 29. Re2 Qc1 30. Nd3 Qd1 31. Kf2 h4 32. Qa8+ Rc8 33. Qa5+ Ke8 34. Qa6
Kd8 35. Qb6+ Ke8 36. Qb7 Rd8 37. Qxc6+ Kf8 38. Qc5+ Kg7 39. Kf3 Ng3 40. Qf2
Nxe2 41. Qxe2 Qa1 42. a4 Qxc3 43. Kg4 Rc8 44. Ne1 Qd4 45. Nf3 Qb2 46. Rh2 h3
47. Ng1 Rc3 48. Qd2 Rhc8 49. Qd4 Rg3+ 0-1

[Event "1516LLO"]
[Site "Mecklenburg-Vorpommern"]
[Date "2015.11.15"]
[Round "3.2"]
[White "Reinke, Thomas"]
[Black "Hartung, Lothar"]
[Result "1/2-1/2"]
[WhiteElo "1886"]
[BlackElo "1741"]
[PlyCount "38"]
[EventType "team-tourn"]
[EventRounds "9"]
[EventCountry "GER"]
[SourceDate "2015.09.20"]
[WhiteTeam "SV Motor Wolgast"]
[BlackTeam "SG Neubrandenburg II"]
[WhiteTeamCountry "GER"]
[BlackTeamCountry "GER"]

1. e4 c5 2. Nc3 e6 3. Nf3 a6 4. d4 cxd4 5. Nxd4 Qc7 6. Bd3 Nf6 7. O-O Be7 8.
Qe2 d6 9. Be3 Bd7 10. f4 e5 11. fxe5 dxe5 12. Nf5 Bxf5 13. Rxf5 Nc6 14. Nd5
Nxd5 15. exd5 g6 16. Rff1 Na7 17. c4 O-O 18. Qf2 f5 19. Bxa7 Rxa7 1/2-1/2

[Event "1516LLO"]
[Site "Mecklenburg-Vorpommern"]
[Date "2015.11.15"]
[Round "3.3"]
[White "Meyer, Detlef"]
[Black "Schubert, Volker"]
[Result "1/2-1/2"]
[WhiteElo "1775"]
[BlackElo "1958"]
[PlyCount "39"]
[EventType "team-tourn"]
[EventRounds "9"]
[EventCountry "GER"]
[SourceDate "2015.09.20"]
[WhiteTeam "SG Neubrandenburg II"]
[BlackTeam "SV Motor Wolgast"]
[WhiteTeamCountry "GER"]
[BlackTeamCountry "GER"]

1. e4 c5 2. Bc4 e6 3. Nc3 a6 4. a4 Nc6 5. d3 Nf6 6. Bg5 Be7 7. Nf3 d6 8. O-O
O-O 9. Re1 b6 10. Ba2 h6 11. Bh4 Bb7 12. h3 Nh5 13. Bxe7 Qxe7 14. d4 cxd4 15.
Nxd4 Nf6 16. Nxc6 Bxc6 17. Qd4 Qc7 18. Rad1 Rfd8 19. Rd3 Rd7 20. Red1 1/2-1/2

[Event "1516LLO"]
[Site "Mecklenburg-Vorpommern"]
[Date "2015.11.15"]
[Round "3.4"]
[White "Riebort, Frank"]
[Black "Rehbein, Hans Juergen"]
[Result "1/2-1/2"]
[WhiteElo "1884"]
[BlackElo "1688"]
[PlyCount "26"]
[EventType "team-tourn"]
[EventRounds "9"]
[EventCountry "GER"]
[SourceDate "2015.09.20"]
[WhiteTeam "SV Motor Wolgast"]
[BlackTeam "SG Neubrandenburg II"]
[WhiteTeamCountry "GER"]
[BlackTeamCountry "GER"]

1. d4 Nf6 2. c4 g6 3. Nc3 Bg7 4. e4 d6 5. Nf3 O-O 6. Bd3 Nbd7 7. O-O c5 8. d5
a6 9. Bg5 Ng4 10. Bf4 Nge5 11. Bxe5 Nxe5 12. Nxe5 Bxe5 13. Qc2 f5 1/2-1/2